000 02244nam a2200253Ia 4500
008 220216s9999 xx 000 0 und d
100 _aRaju Guna Sunderi
245 0 _aEffect of chitosan loading on mechanical properties, water uptake and toluene absorbency of high and low molecular weight ENR50
260 _bJournal of Rubber Research
_c2013
300 _a179-194
500 _aSource Year: 2013
520 _aThis paper reports preparation, mechanical properties, water uptake and toluene absorbency of biocomposites comprising different loadings of chitosan(CTS) (5,10, 15, 20 and 30 p.h.r) into matrixes of ENR50 and LENR50 (high and low molecular weight expoxidised natural rubbers with epoxy content of about 50;respectively). It is found that the increase in CTS loading increased cure torque, tensile strenght and modulus at 100;but there was a decline in cure time and elongation at break for CTS-ENR50 biocomposites. Similar trends were observed for CTS-LENR50 biocomposites except for cure torque and tensile strenght, with no significant changes upon increase in CTS loading. SEM micrographs of the tensile-fractured materials showed that at 15 p.h.r. loading.for example, CTS underwent a breakout, indicating good interactions in the CTS-ENR50 biocomposites. TGA data revealed that thermal stability of both CTS-ENR50 and CTS-LENR50 biocomposits remained fairly close to that of their respective unloaded rubber matrix. results of the water uptake study revealed that increase in CTS loading led to an increase in water water uptake of CTS-LENR50 biocomposites, found to be considerably higher at every loading compared with that of CTS-ENR50 biocomposites. Results of the toluene absorbency study revealed that LENR50 is a superior sorbent for toluene compared to ENR50. However, increase in CTS loading led to a decrease in toluene absorbency of both CTS-LENR50 and CTS-ENR50 biocomposites.
650 _aBiocomposites
650 _aChitosan
650 _aEpoxidised natural rubber
650 _aMechanical properties
650 _aToluene absorbency
650 _aWater uptake
700 _aAzura A R
700 _aBaharin A
700 _aHaris Mas Rosemal Hakim MAS
700 _aKartini N
942 _cJS
999 _c57742
_d57742